| 000 | 01141nam2a2200253 4500 | ||
|---|---|---|---|
| 001 | RU\NLR\BIBL_A\022584604 | ||
| 005 | 20250731161221.0 | ||
| 010 |
_a978-5-17-162616-7 _bт. 5 _96000 |
||
| 021 |
_aRU _bАЛ-П-25-00413и _9АЛ-П-25-0086 |
||
| 035 | _a(NLR Aleph) 022584604 | ||
| 090 |
_a13453795 _c13453795 |
||
| 100 | _a20250714d2025 u y0rusy50 ca | ||
| 101 | 1 |
_arus _ckor |
|
| 102 | _aRU | ||
| 105 | _aа t 000аy | ||
| 200 | 0 | _aТ. 5 | |
| 210 | _d2025 | ||
| 215 |
_a280 с. _cцв. ил. |
||
| 461 | 0 |
_1001RU\NLR\BIBL_A\022337001 _12001#$aОднажды я стала принцессой$eвебтун$fавтор истории Плутос$gперевод с корейского Юлии Казаковой$gхудожник Спун$vТ. 5 _1700#0$aПлутос$cпсевдоним$3RU\NLR\AUTH\770272863 _913258393 _aПлутос (псевдоним) _cМосква _d2024 _fавтор истории Плутос _nАСТ _oвебтун _tОднажды я стала принцессой _y978-5-17-16211-2 _vТ. 5 |
|
| 942 | _cBOOK | ||
| 980 | _aNB | ||
| 980 | _aNB | ||